01379nam a2200337 a 4500001001100000003000800011006001900019007001500038008004100053010001700094020001500111040002100126035002100147050002400168082001800192100003200210245011400242250001200356260006000368300002500428490004100453504006400494533015200558650004900710650005300759655002900812710001700841830004300858856012500901999001501026ebr5006915CaPaEBRm u cr cn|||||||||981002s1999 txua sb s001 0 eng  z 98044928  z1574410652 aCaPaEBRcCaPaEBR a(OCoLC)17915536214aD810.I5bF73 1999eb04a940.54/032211 aFranco, Jere Bishop,d1948-10aCrossing the pondh[electronic resource] :bthe native American effort in World War II /cJere Bishop Franco. a1st ed. aDenton, Tex. :bUniversity of North Texas Press,c1999. axvii, 232 p. :bill.1 aWar and the Southwest series ;vv. 7 aIncludes bibliographical references (p. 209-217) and index. aElectronic reproduction.bPalo Alto, Calif. :cebrary,d2013.nAvailable via World Wide Web.nAccess may be limited to ebrary affiliated libraries. 0aWorld War, 1939-1945xParticipation, Indian. 0aIndians of North AmericaxHistoryy20th century. 7aElectronic books.2local2 aebrary, Inc. 0aWar and the Southwest series ;vno. 7.40uhttp://site.ebrary.com/lib/rucke/Doc?id=5006915zAn electronic book accessible through the World Wide Web; click to view c6246d6246